Normal view
MARC view
Entry Geographic Name
001 - CONTROL NUMBER
- control field: 699080
003 - CONTROL NUMBER IDENTIFIER
- control field:
005 - DATE AND TIME OF LATEST TRANSACTION
- control field: 20210627042301.0
008 - FIXED-LENGTH DATA ELEMENTS
- fixed length control field: 210627|| aca||aabn | a|a d
040 ## - CATALOGING SOURCE
- Original cataloging agency:
- Transcribing agency:
151 ## - HEADING--GEOGRAPHIC NAME
- Geographic name: United States
- General subdivision: History
- General subdivision: Chronology
670 ## - SOURCE DATA FOUND
- Source citation: Work cat.: ()577652: Encyclopedia of American history /, 1817
